Základy práva duševního vlastnictví pro ekonomy /

Hlavní autor: Godický, Pavel
Korporativní autor: Vysoká škola báňská - Technická univerzita Ostrava. Ekonomická fakulta
Jazyk: Čeština
Vydáno: Ostrava : VŠB-TU Ostrava, 2014
Vydání: 1. vydání
Edice: Series of textbooks ; vol. 23
Témata:
Fyzický popis: xiii, 103 stran ; 30 cm
Language note: Anglické resumé
Knihy
Uloženo v:
LEADER 02265nam a2200553 i 4500
001 nkc20142639073
003 CZ PrNK
005 20150708150339.0
007 ta
008 141120s2014 xr e p 000 0 cze
015 |a cnb002639073 
020 |a 978-80-248-3620-1  |q (brožováno) 
035 |a (OCoLC)913563550 
040 |a BOA001  |b cze  |e rda 
041 0 |a cze  |b eng 
043 |a e-xr--- 
072 7 |a 347.7  |x Obchodní právo. Finanční právo. Právo průmyslového vlastnictví. Patentové právo. Autorské právo  |2 Konspekt  |9 16 
072 7 |a 37.016  |x Učební osnovy. Vyučovací předměty. Učebnice  |2 Konspekt  |9 22 
080 |a 347.77/.78  |2 MRF 
080 |a (437.3)  |2 MRF 
080 |a (075.8)  |2 MRF 
100 1 |a Godický, Pavel  |7 mzk2014853064  |4 aut 
245 1 0 |a Základy práva duševního vlastnictví pro ekonomy /  |c Pavel Godický 
250 |a 1. vydání 
264 1 |a Ostrava :  |b VŠB-TU Ostrava,  |c 2014 
300 |a xiii, 103 stran ;  |c 30 cm 
336 |a text  |b txt  |2 rdacontent 
337 |a bez média  |b n  |2 rdamedia 
338 |a svazek  |b nc  |2 rdacarrier 
490 1 |a Series of textbooks ;  |v vol. 23 
500 |a Nad názvem: Faculty of Economics, VŠB-TU Ostrava 
500 |a 600 výtisků 
504 |a Obsahuje bibliografii 
546 |a Anglické resumé 
650 0 7 |a právo duševního vlastnictví  |7 ph115915  |2 czenas 
650 0 7 |a právo duševního vlastnictví  |7 ph115915  |z Česko  |2 czenas 
650 0 9 |a intellectual property law  |2 eczenas 
650 0 9 |a intellectual property law  |z Czechia  |2 eczenas 
655 7 |a učebnice vysokých škol  |7 fd133772  |2 czenas 
655 9 |a textbooks (higher)  |2 eczenas 
710 2 |a Vysoká škola báňská - Technická univerzita Ostrava.  |b Ekonomická fakulta  |7 kn20010709388  |4 isb 
810 2 |a Vysoká škola báňská - Technická univerzita Ostrava.  |b Ekonomická fakulta.  |t Series of textbooks  |0 s 
910 2 |a BOA001  |b 4-1348.403 
928 9 |a Vysoká škola báňská - Technická univerzita 
990 |a BK 
995 |a 01 
991 |b 201506  |c NOV  |e n 
996 6 |b 2610634572  |c 4-1348.403  |l MZK  |r Sklad / do 1 hodiny  |n 3  |p p.v.  |w 001508204  |u 000010  |a 1  |e BOA001  |j MZK50  |s P 
996 7 |b 2610637651  |c 4-1348.403  |l MZK  |r Sklad / do 1 hodiny  |n 3  |p kup  |w 001508204  |u 000020  |a 1  |e BOA001  |j MZK50  |s A